|
|
|
|
| LEADER |
00000nam#a2200000#a#4500 |
| 001 |
007855 |
| 005 |
20160721144453.0 |
| 008 |
011108s1964####xxu#################eng#d |
| 040 |
|
|
|a AR-beUNQ
|
| 099 |
|
|
|a 05-A64
|
| 110 |
2 |
|
|a American Economic Association
|
| 245 |
0 |
0 |
|a Readings in monetary theory
|c American Economic Association.
|
| 260 |
|
|
|a Homewood, IL :
|b R. D. Irwin,
|c 1964
|
| 300 |
|
|
|a ix, 514 p. :
|b il.
|
| 490 |
0 |
|
|a Series of republished articles on economics ;
|v v. 5
|
| 650 |
|
7 |
|a TEORIAS MONETARIAS
|2 Spines
|
| 650 |
|
7 |
|a MONEDA
|2 Spines
|
| 650 |
|
7 |
|a CIRCULACION MONETARIA
|2 Spines
|
| 650 |
|
7 |
|a POLITICA MONETARIA
|2 Spines
|
| 650 |
|
7 |
|a LIQUIDEZ
|2 toit
|
| 650 |
|
7 |
|a DEMANDA
|2 toit
|
| 929 |
|
|
|a COMPRA
|b Martha Blanco de Dieguez
|d 10,00E
|e 20011106
|f patrimonio
|j 30701
|
| 942 |
|
|
|c LIB
|n 0
|
| 999 |
|
|
|c 10424
|d 85811
|